=LDR 00000nam 2200000 4500 =001 INLIS000000000057483 =005 20210211094619 =035 ##$$a 0010-0121000073 =007 ta =008 210211################g##########0#ind## =082 ##$$a 336.2 =084 ##$$a 336.2 UND u =245 ##$$a Undang-undang tentang pajak pertambahan nilai barang dan jasa dan pajak penjualan atas barang mewah /$c Pradnya Paramita =250 ##$$a Cet. Pertama =260 ##$$a Jakarta :$b Pradnya Paramita,$c 1995 =300 ##$$a ix, 158 hlm. ; $c 21 x 15 cm. =650 #4$$a Undang - undang Perpajakan =710 #$$a Pradnya Paramita =990 ##$$a 30502547